| 000 | 00460nam a2200157 i 4500 | ||
|---|---|---|---|
| 001 | 25097 | ||
| 003 | ES-MaACL | ||
| 005 | 20230906153207.0 | ||
| 007 | t| | ||
| 008 | 021220s1942 sp ||||1| spa d | ||
| 100 | 1 |
_aAragón, Jesús de. _922176 |
|
| 245 | 1 | 0 |
_aEnciclopedia moderna de contabilidad / _cJesús de Aragón. |
| 260 |
_aMadrid : _bM. Aguilar, _c1942 ( _fE. Sánchez Leal) |
||
| 300 |
_aXV, 1027 p. ; _c26 cm. |
||
| 852 |
_aES-MaACL _jF-15545 _bR.19774 |
||
| 999 |
_c25097 _d25097 |
||